Market forecast (Record no. 83122)

MARC details
000 -LEADER
fixed length control field 00720cab a22001935a 4500
001 - CONTROL NUMBER
control field L152854
008 - FIXED-LENGTH DATA ELEMENTS--GENERAL INFORMATION
fixed length control field 110506e20110421xxkd f 000 0 eng d
035 ## - SYSTEM CONTROL NUMBER
System control number (Sirsi) u152854
041 0# - LANGUAGE CODE
Language code of text/sound track or separate title eng
100 1# - MAIN ENTRY--PERSONAL NAME
Personal name Fordham, Peter
245 00 - TITLE STATEMENT
Title Market forecast
Remainder of title uncertainty rules
260 ## - PUBLICATION, DISTRIBUTION, ETC.
Date of publication, distribution, etc. 2011
490 #0 - SERIES STATEMENT
Series statement Building
Volume/sequential designation 276(8675) 21 April 2011, 48-50(3)
520 ## - SUMMARY, ETC.
Summary, etc. Tender prices are still falling while material prices and wages are rising; executive summary, trends and forecast, activity indicators, construction output by region, contractors' new orders, building cost index, labour and materials.
590 ## - LOCAL NOTE (RLIN)
Local note KA
651 #4 - SUBJECT ADDED ENTRY--GEOGRAPHIC NAME
Geographic name United Kingdom
Chronological subdivision
690 ## - LOCAL SUBJECT ADDED ENTRY--TOPICAL TERM (OCLC, RLIN)
Topical term or geographic name as entry element BUILT ENVIRONMENT-CONSTRUCTION MARKET
942 ## - ADDED ENTRY ELEMENTS (KOHA)
Suppress in OPAC 0
Holdings
Withdrawn status Lost status Source of classification or shelving scheme Damaged status Not for loan Home library Current library Shelving location Date acquired Total Checkouts Full call number Barcode Date last seen Copy number Price effective from Koha item type
    Dewey Decimal Classification     London London Journal article 06/05/2011   L152854 152854-1001 06/08/2019 1 06/08/2019 Journal article